Größte Städte Aventurien (DSA) - Statistiken

Allgemein
  • Dieses Quiz wurde 6 mal gespielt
  • Das Durchschnittsergebnis liegt bei 17 aus 20
Antwortstatistiken
Einwohner Antwort % Korrekt
105.000 Al'Anfa
100%
17.500 Belhanka
100%
40.000 Fasar
100%
35.000 Festum
100%
170.000 Gareth
100%
30.000 Havena
100%
20.000 Khunchom
100%
40.000 Kuslik
100%
13.000 Perricum
100%
27.500 Punin
100%
12.500 Thorwal
100%
60.000 Vinsalt
100%
13.000 Baburin
67%
12.500 Elenvina
67%
15.000 Grangor
67%
10.500 Sinoda
67%
14.000 Tuzak
67%
12.000 Yol-Ghurmak
67%
20.000 Zorgan
67%
11.500 Lowangen
33%
Keine übereinstimmenden Quizze gefunden
Verteilung der Resultate
Anzahl Personen mit jedem Resultat
Perzentil nach korrekt beantworteten Fragen
Ihre Resultats-Entwicklung
Sie haben dieses Quiz noch nicht gespielt